000 00707nam a2200241 i 4500
003 DO-SdBNP
005 20240715100435.0
007 ta
008 240715b1996 dr ||||| |||| 00| 0 spa d
040 _aDO-SdBNP
_bspa
_cBNPHU
_erda
049 _aBNPD
082 4 _bR789d
_222
100 1 _aRosario, Esteban
_d1953-
_eautor
_99330
245 1 4 _aLos dueños de la República Dominicana /
_cEsteban Rosario.
264 _aSanto Domingo :
_beditor no identificado,
_c1996.
300 _a284 páginas ;
_c21 cm.
336 _2rdacontent
_atexto
_btxt
337 _2rdamedia
_asin mediación
_bn
338 _2rdacarrier
_avolumen
_bnc
590 _aInventariado, 2024/BT
910 _aBtavárez
942 _2ddc
_cLBS1
999 _c57294
_d57294